Statistics for Countries without vowels (Easy)

Click here to take the quiz!

General Stats

  • This quiz has been taken 27 times
  • The average score is 15 of 16

Answer Stats

hintCountry% Correct
CNDCanada
100%
CHNChina
100%
FNLNDFinland
100%
FRNCEFrance
100%
GRMNYGermany
100%
JPNJapan
100%
MXCMexico
100%
PHLPPSPhilippines
100%
PLNDPoland
100%
SPNSpain
100%
SWDNSweden
100%
PRTGLPortugal
95%
RSSRussia
95%
STH FRCSouth Africa
95%
NTD STTSUnited States
91%
TRKYTurkiye
36%

Score Distribution

Percentile by Number Answered

Percent of People with Each Score

Your Score History

You have not taken this quiz